000 01723cam a2200385 a 4500
001 EDZ0000117216
003 StDuBDS
005 20161031105150.0
006 m||||||||d||||||||
007 cr |||||||||||
008 130111s2012 caua fo| 0|0|0|eng|d
020 _a9781446262641 (ebook) :
_cNo price
040 _aStDuBDS
_beng
_cStDuBDS
_epn
049 _aAlfaisal Main Library
050 4 _aHM1033
082 0 4 _a302
_223
245 0 0 _aNew directions in social psychology
_h[electronic resource] /
_cedited by Roy F. Baumeister and Kathleen D. Vohs.
260 _aLos Angeles, [Calif.] :
_bSAGE,
_c2012.
300 _a1 online resource (5 v.) :
_bill.
490 1 _aSAGE library in social psychology
505 0 _av. 1. General principles -- v. 2. Cognition -- v. 3. Emotion -- v. 4. Motivation -- v. 5. Interpersonal processes.
520 8 _aCovering changes in the field of social psychology since the mid-1990s, the articles selected in this collection include influential theories and conceptual reviews, feature empirical articles on new theories, showcase state-of-the-art methodological advances and cover topics of perennial interest in the field.
521 _aSpecialized.
588 _aDescription based on print version record.
504 _aIncludes bibliographical references.
650 0 _aSocial psychology.
655 7 _aElectronic books.
_2local
700 1 _aBaumeister, Roy F.
700 1 _aVohs, Kathleen D.
710 2 _aSage eBooks
776 0 8 _iPrint version :
_z9781446201176
830 0 _aSAGE library in social psychology.
856 4 0 _uhttp://ezproxy.alfaisal.edu/login?url=http://sk.sagepub.com/navigator/new-directions-in-social-psychology
942 _2lcc
_cEBOOKS
999 _c480744
_d480744